| 000 | 01718aam a2200385 4500 | ||
|---|---|---|---|
| 999 |
_c46536 _d46536 |
||
| 001 | 20183 | ||
| 003 | CO-MdFUSB | ||
| 005 | 20190202100352.0 | ||
| 008 | 170608t1971 enk||||f |||| 00| 0 eng d | ||
| 020 |
_a0722073127 _qVolumen 3: |
||
| 020 |
_a0722076606 _qVolumen 1: |
||
| 040 |
_aCO-MdFUSB _bspa _cCO-MdFUSB _dCO-MdFUSB _erda |
||
| 041 | _aeng | ||
| 082 |
_224 _aG 231.74 _bSC347d |
||
| 100 | 1 |
_aSchmaus, Michael _eautor |
|
| 245 | 1 | 0 |
_aDogma _c/ Michael Schmaus _b: God and his Christ; God in revelation |
| 264 | 1 |
_aLondon : _bSheed and Ward, _c℗[1971-1995] |
|
| 264 | 4 | _c©1971-1968 | |
| 300 |
_aVolumen 1 y volumen 2 : _c22 cm. |
||
| 336 |
_2rdacontent _atexto _btxt |
||
| 337 |
_2rdamedia _asin mediación _bn |
||
| 338 |
_2rdacarrier _avolumen _bnc |
||
| 490 | _aDogma | ||
| 504 | _aIncluye índice (páginas: 263-265) | ||
| 505 | 0 |
_gVolumen 3: _tDios y su Cristo _aEl Jesús que predicó y el Cristo que fue predicado - El reino de Dios - La actividad salvífica de Jesús - La muerte de Jesús - La actividad salvífica de Jesús antes de su muerte y resurrección - Las palabras salvíficas de Jesús - El testimonio de las Escrituras - Desarrollo teológico después de la era apostólica |
|
| 505 | 0 |
_gVolumen 1: _tDios en revelación: _aTeología para el mundo contemporáneo y las posibilidades de auto-revelación divina -- Enfoque de salvación de Dios para el hombre en acciones históricas y en palabras -- Revelación en la iglesia --Teología en la Iglesia y para la iglesia |
|
| 563 | _aRústico | ||
| 600 | 0 | 7 |
_aJesucristo _xPasión |
| 650 | 7 |
_aDios _2 _9178 |
|
| 650 | 7 |
_9239 _aCristología |
|
| 650 | 0 |
_948 _aSalvación |
|
| 830 | _v3 | ||
| 942 | _cBK | ||